00927nam a2200217 a 4500001001000000005001700010008004100027020001500068041001100083050002200094100004700116245018600163260007000349300004200419500010000461500003400561650003900595700001900634700001900653710003700672BRCA_141320190320203421.0821217s1983 caua---###---l001-0#eng-# a0875871100 aengfre 4aNK9204b.S24 19831 aSaint-Aubin, Charles Germain ded1721-178610aArt of the Embroiderercby Charles Germain de Saint-Aubin designer to the King 1770 ; translated and annotated by Nikki Scheuer ; additional notes and commentaries by Edward Maeder. aLos Ángeles, CaliforniabLos Angeles County Museum of Artc1983 a192 p.bil. (algunas a color)c30 cm. aTraducción de : L´art du brodeur, with a facsim. reproduction of the French original of 1770 aIncluye índice alfabético14aBordadoxTrabajos tempranos a 18001 aScheuer, Nikki1 aMaeder, Edward2 aLos Angeles County Museum of Art